[Event "Open"]
[Site "Zagreb CRO"]
[Date "2006.01.22"]
[Round "9"]
[White "Loncar,R"]
[Black "Bozinovic,Bog"]
[Result "1-0"]
[WhiteElo "2371"]
[BlackElo "2250"]

1.d4 Nf6 2.c4 c5 3.d5 e6 4.Nc3 exd5 5.cxd5 d6 6.Nf3 g6 7.h3 Bg7 8.e4 O-O
9.Bg5 h6 10.Be3 b6 11.Bd3 Ba6 12.O-O Re8 13.Re1 Bxd3 14.Qxd3 a6 15.a4 Nbd7
16.Bf4 Qc7 17.Qd2 g5 18.Bh2 Nh7 19.Re3 Nhf8 20.Ne2 Ng6 21.Ng3 b5 22.Nf5 Bf8
23.Qc2 Nb6 24.b3 Rac8 25.Qc3 b4 26.Qf6 Nd7 27.Qb2 Nde5 28.Nxe5 Nxe5 29.f4 gxf4
30.Bxf4 Kh7 31.Rc1 Qd8 32.Bxe5 Rxe5 33.Qe2 Qg5 34.Rf1 Rce8 35.Qd3 Qf6 36.Kh1 a5
37.Ref3 Qg6 38.Rg3 Qf6 39.Ng7 Bxg7 40.Rxf6 Bxf6 41.Qf3 Bg5 42.h4  1-0

[Event "Classic"]
[Site "Queenstown NZL"]
[Date "2006.01.24"]
[Round "10"]
[White "Steadman,M"]
[Black "Beach,P"]
[Result "1-0"]
[WhiteElo "2231"]
[BlackElo "2164"]

1.d4 Nf6 2.Nf3 c5 3.d5 e6 4.c4 exd5 5.cxd5 d6 6.Nc3 g6 7.Bf4 Bg7 8.Qa4+ Bd7
9.Qb3 b5 10.Bxd6 Qb6 11.Be5 O-O 12.e3 b4 13.Nb1 Bf5 14.Nbd2 Nbd7 15.Bf4 a5
16.Nh4 Be4 17.Nxe4 Nxe4 18.Qc2 Ndf6 19.Nf3 Nxd5 20.Qxe4 Nxf4 21.Qxf4 Bxb2
22.Rd1 Bc3+ 23.Nd2 b3 24.axb3 Qxb3 25.Bc4 Qb2 26.e4 Rad8 27.Bd5 Rxd5 28.exd5 Qb5
29.Rc1 Re8+ 30.Kd1 Bb4 31.Qc4 Qa4+ 32.Qb3 Qb5 33.Rc4 a4 34.Qa2 Rd8 35.Re1 Rxd5
36.Re2 Rd8 37.Rce4 a3 38.Re7 c4 39.Rc7 Qa4+ 40.Kc1 Rd3 41.Rxc4 Rc3+ 42.Rxc3 Bxc3
43.Nc4 Qc6 44.Rc2 Qf6 45.Qxa3  1-0

[Event "14th FAJR Open"]
[Site "Tehran IRI"]
[Date "2006.01.28"]
[Round "6"]
[White "Ghane,S"]
[Black "Alizadeh,G"]
[Result "1-0"]
[WhiteElo "2345"]
[BlackElo "2220"]

1.d4 Nf6 2.c4 c5 3.d5 e6 4.Nc3 exd5 5.cxd5 d6 6.Nf3 g6 7.Bf4 Bg7 8.Qa4+ Bd7
9.Qb3 b5 10.Nxb5 Bxb5 11.Qxb5+ Nbd7 12.Bxd6 Ne4 13.Be5 O-O 14.Bxg7 Kxg7 15.Qd3 Qa5+
16.Nd2 Rab8 17.Qxe4 Rxb2 18.Qf4 Re8 19.Rd1 Ne5 20.e3 Rb4 21.Qg3 c4 22.Be2 c3
23.O-O cxd2 24.Rxd2 Ra4 25.Rfd1 Rxa2 26.Rxa2 Qxa2 27.Bf1 Qb2 28.Qf4 a5 29.d6 Rd8
30.h3 f6 31.Qe4 Qb4 32.Qd5 a4 33.f4 Nf7 34.d7 Qb3 35.Qd4 a3 36.Bc4 Qb4 37.Qd5 Qe7
38.e4 g5 39.g3 gxf4 40.gxf4 Nh6 41.Rd3 Kh8 42.Kh2 Kg7 43.Rg3+ Kh8 44.Qe6 Qxe6
45.Bxe6 a2 46.Ra3 Kg7 47.Rxa2 Kf8 48.Rb2  1-0

[Event "ch-Kyiv"]
[Site "Kyiv UKR"]
[Date "2006.02.01"]
[Round "10"]
[White "Ignatenko,Vl"]
[Black "Matorin,E"]
[Result "1-0"]
[WhiteElo "2118"]
[BlackElo "2294"]

1.d4 Nf6 2.Nf3 e6 3.c4 c5 4.d5 exd5 5.cxd5 d6 6.Nc3 Be7 7.g3 O-O 8.Bg2 Re8
9.O-O Bf8 10.Qc2 b5 11.Nxb5 Bb7 12.Rd1 Na6 13.a3 Qe7 14.Nc3 Nc7 15.Bg5 h6
16.Bxf6 Qxf6 17.e3 Rab8 18.b4 cxb4 19.axb4 Rec8 20.Qd2 a6 21.Nd4 Ba8 22.Nc6 Bxc6
23.dxc6 Rxb4 24.Ne4 Qb2 25.Qxb2 Rxb2 26.Nxd6 Ra8 27.Nc4 Rb4 28.Na5 Bc5 29.Rd7 Bb6
30.h4 g6 31.Bf1 Rc8 32.Nc4 a5 33.Nd6 Rf8 34.Bc4 Kg7 35.Bxf7 Kf6 36.Bc4 g5
37.hxg5+ Kxg5 38.Bd3 Rb2 39.Nc4 Rfxf2 40.Nxb2 Rxb2 41.Kf1 Kg4 42.Be2+ Kf5
43.Ra4 Rb1+ 44.Kf2 Rb3 45.Bd3+ Ke5 46.Re4+ Kf6 47.Bc4 Rb4 48.Rf7+ Kg5 49.Kf3 h5
50.Bd3 Rxe4 51.Bxe4 a4 52.Bb1 a3 53.Rf5+ Kh6 54.e4 Bd4 55.Ke2 Kg6 56.Kd3 Bg1
57.Kc4 Bh2 58.Rf3 Kg5 59.Rxa3 Kg4 60.e5 Bxg3 61.Re3 Bf4 62.Re1 Bg3 63.Re4+ Kf5
64.Re2+ Ke6 65.Kd4 Nb5+ 66.Kc5 Nc7 67.Ba2+ Ke7 68.Kb6 Kd8 69.Kb7 Nb5 70.Bc4  1-0

[Event "TCh-FIN 2005-6"]
[Site "Joensuu FIN"]
[Date "2006.02.11"]
[Round "7"]
[White "Fieandt,J"]
[Black "Lahtinen,M"]
[Result "1/2-1/2"]
[WhiteElo "2162"]
[BlackElo "2269"]

1.d4 Nf6 2.c4 e6 3.Nf3 c5 4.d5 exd5 5.cxd5 d6 6.Nc3 g6 7.g3 a6 8.a4 Bg7 9.Bg2 O-O
10.O-O Nbd7 11.Bf4 Qe7 12.h3 Nh5 13.Bg5 f6 14.Bd2 f5 15.Qc1 Rb8 16.Ng5 Ne5
17.Ne6 Bxe6 18.dxe6 Nf6 19.Bg5 Qxe6 20.Bxf6 Qxf6 21.Nd5 Qf7 22.a5 Kh8 23.Ra3 Rfe8
24.Rd1 Nc6 25.e3 Red8 26.Qd2  1/2-1/2

[Event "US Amateur Team East"]
[Site "Parsippany USA"]
[Date "2006.02.19"]
[Round "3"]
[White "Stepa,D"]
[Black "Bonin,J"]
[Result "0-1"]
[WhiteElo "2422"]
[BlackElo "2325"]

1.d4 Nf6 2.c4 e6 3.Nf3 c5 4.d5 exd5 5.cxd5 d6 6.Nc3 g6 7.e4 a6 8.a4 Bg4 9.Be2 Bxf3
10.Bxf3 Nbd7 11.O-O Qe7 12.Re1 Bg7 13.Bg5 O-O 14.a5 Rfe8 15.Qd2 Qf8 16.Bd1 b5
17.axb6 Nxb6 18.f3 Nfd7 19.Be2 c4 20.Na4 Reb8 21.Nxb6 Rxb6 22.Ra2 Rxb2 23.Rxb2 c3
24.Qc2 cxb2 25.Rb1 a5 26.Rxb2 Bxb2 27.Qxb2 a4 28.Qa3 Qb8 29.Be3 Qb1+ 30.Kf2 Qc2
31.Bf4 Qc5+  0-1

[Event "Premier"]
[Site "Portsmouth ENG"]
[Date "2006.02.19"]
[Round "5"]
[White "Wells,P"]
[Black "Gormally,D"]
[Result "1-0"]
[WhiteElo "2501"]
[BlackElo "2573"]

1.d4 Nf6 2.c4 e6 3.Nf3 c5 4.d5 d6 5.Nc3 exd5 6.cxd5 g6 7.h3 Bg7 8.e4 O-O
9.Bd3 b5 10.Nxb5 Re8 11.O-O Nxe4 12.Re1 Nf6 13.Rxe8+ Nxe8 14.Bg5 Qd7 15.Qd2 Ba6
16.a4 Qc8 17.Re1 Nd7 18.b3 Nb6 19.Re7 Bb7 20.Qf4 Bxd5 21.Be4 Be6 22.Bb7 Qb8
23.Bxa8 Qxa8 24.Rxa7 Qb8 25.Bh6 Bf6 26.Nc7 Nd5 27.Nxe8 Nxf4 28.Nxf6+ Kh8
29.Re7 Ne2+ 30.Kf1 Bxb3 31.Re8+ Qxe8 32.Nxe8  1-0

[Event "Premier"]
[Site "Portsmouth ENG"]
[Date "2006.02.19"]
[Round "6"]
[White "Ilett,R"]
[Black "Jain,A"]
[Result "0-1"]
[WhiteElo "1916"]
[BlackElo "2242"]

1.d4 Nf6 2.c4 c5 3.d5 e6 4.Nc3 exd5 5.cxd5 d6 6.Nf3 g6 7.e4 Bg4 8.h3 Bxf3
9.Qxf3 a6 10.a4 Bg7 11.Bd3 O-O 12.Bf4 Re8 13.O-O Qe7 14.Rfe1 Nbd7 15.Qe2 Ne5
16.Bc2 Rac8 17.Bh2 g5 18.f3 Ng6 19.Rab1 Nh5 20.g3 Be5 21.Kg2 Bxg3 22.Bxg3 Nhf4+
23.Kf2 Nxe2 24.Rxe2 Nf4 25.Bxf4 gxf4 26.Rg1+ Kh8 27.Rg4 Qe5 28.Rd2 Rg8 29.Ne2 Rxg4
30.hxg4 Rg8 31.b3 h5 32.gxh5 Qg5 33.Rd1 Qh4+ 34.Kf1 Qh1+  0-1

[Event "13th Open Metalis"]
[Site "Bizovac CRO"]
[Date "2006.02.25"]
[Round "5"]
[White "Klement,O"]
[Black "Grandic,Z"]
[Result "0-1"]
[WhiteElo "2017"]
[BlackElo "2171"]

1.d4 Nf6 2.c4 e6 3.Nf3 c5 4.d5 d6 5.Nc3 exd5 6.cxd5 g6 7.Nd2 Bg7 8.e4 O-O
9.Be2 a6 10.a4 Ne8 11.Nc4 b6 12.Ra3 f5 13.Bf3 fxe4 14.Nxe4 Bf5 15.O-O Bxe4
16.Bxe4 Nd7 17.Rh3 b5 18.axb5 axb5 19.Na3 b4 20.Nc4 Ne5 21.Nxe5 Bxe5 22.Qg4 Nf6
23.Qh4 Nh5 24.Bg5 Bf6 25.Bxf6 Qxf6 26.Qg4 Ng7 27.b3 Ra1 28.Qe2 Re8 29.Re3 Rxf1+
30.Kxf1 Qd4 31.Qd3 Qxd3+ 32.Bxd3 Rxe3 33.fxe3 Kf7 34.e4 Kf6 35.Kf2 Ke5 36.Ke3 Nh5
37.g3 Nf6 38.h3 h5 39.Bc2 Nh7 40.h4 Nf6 41.Kf3 Kd4 42.Kf4 Kc3 43.Bd1 Kd3
44.Bf3 c4 45.bxc4 b3 46.e5 dxe5+ 47.Kxe5 b2 48.Kxf6 b1=Q  0-1

[Event "13th Open Metalis"]
[Site "Bizovac CRO"]
[Date "2006.02.26"]
[Round "7"]
[White "Saric,Ib"]
[Black "Vernacki,S"]
[Result "1-0"]
[WhiteElo "2461"]
[BlackElo "2247"]

1.d4 Nf6 2.c4 c5 3.d5 e6 4.Nf3 d6 5.Nc3 exd5 6.cxd5 g6 7.h3 Bg7 8.e4 O-O
9.Bd3 a6 10.a4 Nbd7 11.O-O Ne8 12.Bg5 f6 13.Bh4 Qc7 14.a5 Ne5 15.Nxe5 fxe5
16.Be2 Bd7 17.Bg4 Bf6 18.Bg3 Bb5 19.Re1 Qe7 20.b4 c4 21.Na4 Bh4 22.Re3 Bxg3
23.Rxg3 Nf6 24.Be6+ Kh8 25.Re3 Bxa4 26.Qxa4 Nh5 27.Qd7 Qg5 28.Qxd6 Nf4 29.g3 Nd3
30.h4 Qf6 31.f3 g5 32.Qc7 gxh4 33.Qxc4 Nb2 34.Qe2 Qg5 35.Rc3 hxg3 36.Qxb2 Rf6
37.Kg2 Rh6 38.Rh1 Rxh1 39.Kxh1 g2+ 40.Kg1 Qh4 41.Rc8+ Kg7 42.Qxe5+ Kh6  1-0

[Event "38th 8th March WGM"]
[Site "Belgrade SCG"]
[Date "2006.03.15"]
[Round "9"]
[White "Chasovnikova,E"]
[Black "Marcetic,Ma"]
[Result "1-0"]
[WhiteElo "2304"]
[BlackElo "2245"]

1.d4 Nf6 2.Nf3 e6 3.c4 c5 4.d5 exd5 5.cxd5 d6 6.Nc3 g6 7.e4 Bg7 8.h3 O-O
9.Bd3 b5 10.O-O c4 11.Bc2 b4 12.Nb5 Ba6 13.Nbd4 Re8 14.Re1 Nbd7 15.Nc6 Qb6
16.Be3 Qb7 17.Bd4 Nc5 18.e5 Nxd5 19.Bxc5 Qxc6 20.Bxd6 Rad8 21.Ba4 Bb5 22.Nd4 Bxa4
23.Nxc6 Bxd1 24.Raxd1 Rc8 25.Nxa7 Ra8 26.Rxd5 Rxa7 27.Bxb4 Rxa2 28.Bc3 Rc8
29.Red1 Raa8 30.Rd7 Re8 31.R1d5 Rac8 32.f4 Bf8 33.Rb7 Re7 34.Rxe7 Bxe7 35.Kf2 h5
36.g4 hxg4 37.hxg4 Kf8 38.Kf3 Ke8 39.Ke4 Ra8 40.Ra5 Rd8 41.Ra4 Rd3 42.Rxc4 Rg3
43.g5 Kd7 44.Kd5 Rd3+ 45.Ke4  1-0

[Event "ch-Moscow Prelim KO"]
[Site "Moscow RUS"]
[Date "2006.03.22"]
[Round "2.1"]
[White "Kharitonov,AV"]
[Black "Grigoriants,S RUS"]
[Result "1/2-1/2"]
[WhiteElo "2578"]
[BlackElo "2550"]

1.d4 Nf6 2.Nf3 e6 3.c4 c5 4.d5 exd5 5.cxd5 d6 6.Nc3 g6 7.e4 a6 8.a4 Bg4 9.Be2 Bxf3
10.Bxf3 Nbd7 11.Bf4 Qe7 12.O-O Bg7 13.Qd2 O-O 14.Rfe1 Rfe8 15.a5 Rab8 16.Be2 h6
17.h3 Kh7 18.Bh2 Rbc8 19.Bf1 g5 20.Ra4 Ne5 21.Nd1 Ng6 22.b3 Nd7  1/2-1/2

[Event "22nd Spring Festival Open"]
[Site "Budapest HUN"]
[Date "2006.03.25"]
[Round "3"]
[White "Galyas,M"]
[Black "Bacso,G"]
[Result "1-0"]
[WhiteElo "2374"]
[BlackElo "2200"]

1.d4 Nf6 2.c4 c5 3.d5 e6 4.Nc3 exd5 5.cxd5 d6 6.Nf3 g6 7.Bf4 Bg7 8.Qa4+ Bd7
9.Qb3 Qc7 10.e4 O-O 11.Bd3 Nh5 12.Be3 Na6 13.O-O Rab8 14.Nb5 Bxb5 15.Bxb5 Qe7
16.Rfe1 Nc7 17.Bf1 Rfe8 18.Rad1 Qd7 19.Qc2 h6 20.Bd2 Nf6 21.Bc3 Ng4 22.Bxg7 Kxg7
23.h3 Ne5 24.Nxe5 Rxe5 25.f4 Re7 26.Qc3+ Kg8 27.e5 Rbe8 28.Qg3 Kh7 29.Bd3 Nxd5
30.Bxg6+ fxg6 31.Rxd5 Qf5 32.Rxd6 b5 33.Rf6 Qxf6 34.exf6 Rxe1+ 35.Kh2 R1e6
36.Qd3  1-0

[Event "ch-ARG s/f"]
[Site "Buenos Aires ARG"]
[Date "2006.03.25"]
[Round "5"]
[White "Bielicki,C"]
[Black "Radoszta,A"]
[Result "1-0"]
[WhiteElo "2300"]
[BlackElo "2135"]

1.d4 Nf6 2.Nf3 e6 3.c4 c5 4.d5 exd5 5.cxd5 d6 6.Nc3 Be7 7.e4 O-O 8.Be2 Na6
9.O-O Nc7 10.Qc2 Re8 11.Re1 h6 12.a3 Bf8 13.Bf4 Nh5 14.Be3 Bd7 15.Nd2 Nf6
16.Bf4 b5 17.b4 c4 18.a4 a6 19.Bg3 g6 20.h3 Nh7 21.Nf3 Rc8 22.axb5 axb5 23.Rad1 Na6
24.Rb1 Qb6 25.Bf4 Qd8 26.Nd4 Rb8 27.Qd2 Qf6 28.Bg4 Bxg4 29.hxg4 Nc7 30.Red1 Qh4
31.f3 Rb7 32.Ra1 h5 33.gxh5 Qxh5 34.Qf2 Nf6 35.Qg3 Rd8 36.Kf2 Qh8 37.Be3 Nh5
38.Qh4 Re8 39.Rh1 Be7 40.Qg4 Bf6 41.Rhd1 Rd8 42.f4 Qg7 43.Kf3 Na8 44.Ra6 Re8
45.Ncxb5 Rbe7 46.Nxd6 Nc7 47.Nxe8 Rxe8 48.Rc6 Bd8 49.Rxc7 Nf6 50.Ne6 Qh6
51.Qg5 Qxg5 52.fxg5 fxe6 53.gxf6 Bxc7 54.d6 Bd8 55.e5  1-0

[Event "FSIM April"]
[Site "Budapest HUN"]
[Date "2006.04.05"]
[Round "5"]
[White "Solomons,D"]
[Black "Ignacz,M"]
[Result "1-0"]
[WhiteElo "2226"]
[BlackElo "2238"]

1.d4 Nf6 2.Nf3 e6 3.c4 c5 4.d5 exd5 5.cxd5 d6 6.Nc3 g6 7.h3 Bg7 8.e4 O-O
9.Be2 a6 10.a4 Re8 11.Qc2 Nbd7 12.O-O Rb8 13.Re1 b6 14.Bf4 Qc7 15.Nd2 Ne5
16.Bh2 c4 17.Bxe5 Rxe5 18.Bxc4 Nh5 19.Bf1 Nf4 20.Nf3 Rh5 21.Qb3 g5 22.Ne2 Ng6
23.Ng3 Rh6 24.Nxg5 Qd8 25.Nf3 Ne5 26.Rab1 Rg6 27.Nd4 Bd7 28.Ndf5 Qg5 29.Bxa6 h5
30.h4 Qf4 31.Qe3 Qxe3 32.Rxe3 Bxf5 33.Nxf5 Bf6 34.Rc1 Kh7 35.Rc8 Rxc8 36.Bxc8 Nc4
37.Rb3 Rg8 38.Ba6 Nxb2 39.Rxb6 Nxa4 40.Rxd6 Rg6 41.Bd3 Nc5 42.Bc2  1-0

[Event "TCh-HUN 2005-6"]
[Site "Hungary HUN"]
[Date "2006.04.09"]
[Round "10"]
[White "Lukacs,P"]
[Black "Forintos,G"]
[Result "1-0"]
[WhiteElo "2412"]
[BlackElo "2347"]

1.d4 Nf6 2.c4 e6 3.Nf3 c5 4.d5 exd5 5.cxd5 d6 6.Nc3 Qa5 7.Bd2 b5 8.a3 a6
9.e4 Qc7 10.h3 Nbd7 11.Bd3 Ne5 12.Be2 Rb8 13.b4 Nfd7 14.O-O Be7 15.Rc1 Nc4
16.Bxc4 bxc4 17.Ne2 cxb4 18.axb4 Ne5 19.Ned4 Bd7 20.Nxe5 dxe5 21.Nc6 Bxc6
22.Rxc4 Qb7 23.dxc6 Qb5 24.Qc2 O-O 25.Rd1 Rbd8 26.c7 Rc8 27.Be1 f6 28.Rd5 Qb7
29.Rd7 Rfe8 30.Rc6  1-0

[Event "ch-BLR u20"]
[Site "Minsk BLR"]
[Date "2006.04.11"]
[Round "5"]
[White "Stupak,K"]
[Black "Nesterenko,P"]
[Result "1/2-1/2"]
[WhiteElo "2414"]
[BlackElo "2331"]

1.d4 Nf6 2.Nf3 c5 3.d5 e6 4.c4 exd5 5.cxd5 d6 6.Nc3 g6 7.g3 Bg7 8.Bg2 O-O
9.O-O Re8 10.Bf4 Nh5 11.Bg5 f6 12.Be3 f5 13.Nd2 Nd7 14.Bf3 Nhf6 15.Nc4 Nb6
16.Nxb6 Qxb6 17.Rb1 Bd7 18.b4 Rxe3 19.fxe3 cxb4 20.Qd3 Ng4 21.Nd1 Nxe3 22.Nxe3 Re8
23.Kg2 Rxe3 24.Rxb4 Rxd3 25.Rxb6 Rxf3 26.Rxb7 Rxf1 27.Kxf1 Ba4 28.Rxa7 Bc2
29.a4 Bd4 30.Rb7 Be4 31.a5 Bxd5 32.Rd7 Bc5 33.a6 h6 34.a7 Kf8 35.a8=Q+ Bxa8
36.Rd8+ Kf7 37.Rxa8 Kf6 38.Kg2 Kg5 39.Rf8 Bd4 40.h4+ Kg4 41.e4 g5 42.hxg5 hxg5
43.exf5 Bg7 44.Rd8 Kxf5 45.Rxd6 g4 46.Kf2 Be5 47.Rd3 Ke4 48.Re3+ Kd4 49.Re1 Kd5
50.Rh1 Bd4+ 51.Kg2 Ke5 52.Rf1 Be3 53.Rf8 Bh6 54.Rh8 Bg5 55.Rf8 Bf6 56.Kf2 Ke6
57.Ra8 Kf5 58.Ra3 Be5 59.Kf1 Ke4 60.Ke2 Bc7 61.Kf2 Bb6+ 62.Kg2 Bc7 63.Ra7 Be5
64.Rf7 Bd6 65.Rh7 Kf5 66.Rh5+ Kg6 67.Rd5 Bc7  1/2-1/2

[Event "Jack Speigel Mem"]
[Site "Southend ENG"]
[Date "2006.04.14"]
[Round "2"]
[White "Plaskett,J"]
[Black "Ward,C"]
[Result "1/2-1/2"]
[WhiteElo "2485"]
[BlackElo "2467"]

1.d4 Nf6 2.Nf3 e6 3.c4 c5 4.d5 d6 5.Nc3 exd5 6.cxd5 g6 7.e4 a6 8.h3 b5 9.Bd3 Bg7
10.O-O O-O 11.Bf4 Re8 12.Re1 b4 13.Na4 Bd7 14.a3 Bxa4 15.Qxa4 Nfd7 16.Bg5 Qc8
17.axb4 cxb4 18.Qxb4 Nc5 19.Bc2 Nbd7 20.Ra2 Rb8 21.Qa3 Qb7 22.Qe3 Nxe4 23.Bxe4 f5
24.Qf4 fxe4 25.Rxe4 Qxd5 26.Rxe8+ Rxe8 27.Rxa6 Ne5 28.Qd2 Qxf3 29.gxf3 Nxf3+
30.Kg2 Nxd2 31.Bxd2 Bxb2  1/2-1/2

[Event "17th Pobeskydi Radegast Cup"]
[Site "Frydek Mistek CZE"]
[Date "2006.04.15"]
[Round "6"]
[White "Rychlik,H"]
[Black "Vysoglad,P"]
[Result "1/2-1/2"]
[WhiteElo "1996"]
[BlackElo "2092"]

1.d4 Nf6 2.Nf3 c5 3.d5 e6 4.c4 exd5 5.cxd5 d6 6.Nc3 g6 7.e4 Bg7 8.h3 O-O
9.Bd3 a6 10.a4 Qc7 11.Qe2 Re8 12.O-O Nfd7 13.Be3 Ne5 14.Nxe5 Bxe5 15.Rac1 Bd7
16.b3 Qb6 17.Qc2 Qc7 18.Qa2 b6 19.Nb1 Qb7 20.Rc2 b5 21.Rfc1 a5 22.axb5 Bxb5
23.Bxb5 Qxb5 24.Na3 Qd3 25.Rc4 Na6 26.Qc2 Qxc2 27.R4xc2 Nb4 28.Re2 a4 29.bxa4 Rxa4
30.Nb1 Nd3 31.Rd1 Rb8 32.g3 Rxe4 33.Nd2 Ra4 34.Nf3 c4 35.Bd4 f6 36.Bxe5 fxe5
37.Nd2 c3 38.Nb1 Ra1 39.Nxc3 Rxd1+ 40.Nxd1 Rb1 41.Rd2 Nb2 42.Rxb2 Rxd1+ 43.Kg2 Rxd5
44.Rb7 Rd3 45.Re7 Rc3 46.Ra7 Rd3 47.Rc7 h5 48.h4 Kf8 49.Rd7 d5 50.Kf1 e4
51.Ke2 Rd4 52.Ke3 Rd3+ 53.Ke2 Ke8 54.Rg7 Ra3 55.Rxg6 Ke7 56.Rg5 Ke6 57.Rxh5 d4
58.g4 Ra2+ 59.Ke1 d3 60.Rf5 Ra1+ 61.Kd2 Ra2+ 62.Kd1 Ra1+ 63.Kd2 Ra2+ 64.Kd1 Ra1+
65.Kd2 Ra2+ 66.Kd1  1/2-1/2

[Event "Classics GMB"]
[Site "Gausdal NOR"]
[Date "2006.04.24"]
[Round "2"]
[White "Ivanov,MM"]
[Black "Silseth,S"]
[Result "1-0"]
[WhiteElo "2443"]
[BlackElo "2328"]

1.d4 Nf6 2.Nf3 e6 3.c4 c5 4.d5 exd5 5.cxd5 d6 6.Nc3 g6 7.e4 Bg7 8.h3 O-O
9.Bd3 b5 10.O-O b4 11.Ne2 Re8 12.Ng3 Ba6 13.Re1 Bxd3 14.Qxd3 Nbd7 15.Bf4 Nb6
16.b3 Nfxd5 17.Bg5 Ne7 18.Rad1 a5 19.Qxd6 Qxd6 20.Rxd6 Nbc8 21.Rd7 c4 22.bxc4 a4
23.e5 Nc6 24.Rb7 b3 25.axb3 a3 26.Ne4 a2 27.Ra1 Nxe5 28.Nf6+ Kh8 29.Rxa2 Nxf3+
30.gxf3 Re1+ 31.Kg2 Rxa2 32.Rb8 Bf8 33.Rxc8 Kg7 34.Ng4 h5 35.Bf6+ Kg8 36.Nh6+ Kh7
37.Rxf8 g5 38.Nxf7 Ra8  1-0

[Event "VII TCh-RUS w"]
[Site "Sochi RUS"]
[Date "2006.04.28"]
[Round "9"]
[White "Meleshko,Ann"]
[Black "Ambartsumova,K"]
[Result "0-1"]
[WhiteElo "2227"]
[BlackElo "2176"]

1.d4 Nf6 2.c4 c5 3.d5 e6 4.Nc3 exd5 5.cxd5 d6 6.Nf3 g6 7.g3 Bg7 8.Bg2 O-O
9.O-O a6 10.a4 Nbd7 11.Nd2 Re8 12.a5 b5 13.axb6 Nxb6 14.Nb3 Bf5 15.Na5 Qc7
16.Bd2 h5 17.Re1 Ne4 18.f3 Nxd2 19.Qxd2 Bd7 20.f4 Rab8 21.e4 Nc8 22.Ra2 Rb4
23.Rea1 Rd4 24.Qc2 Na7 25.Nb3 Bc8 26.Ra5 Rc4 27.Bf1 Rb4 28.Bxa6 Qb8 29.R1a3 c4
30.Bxc4 Rxc4 31.Rxa7 Bxc3 32.bxc3 Rcxe4 33.Nd4 Bh3 34.Kf2 Qb6 35.Ra8 Re7
36.Rxe8+ Rxe8 37.Qb3 Qd8 38.Nc6 Qf6 39.Qa2 Kh7 40.c4 Bg4 41.Qa1 Qf5 42.Nd4 Qe4
43.h4 Bh3 44.Rf3 Rb8 45.Qc3 Qb1 46.Qd3 Qh1 47.Ke3 Qe1+ 48.Ne2 Re8+  0-1

[Event "RC SPORT Open"]
[Site "Usti nad Orlici CZE"]
[Date "2006.05.03"]
[Round "6"]
[White "Jedlicka,A"]
[Black "Kanovsky,D"]
[Result "1/2-1/2"]
[WhiteElo "2275"]
[BlackElo "2352"]

1.d4 Nf6 2.c4 e6 3.Nf3 c5 4.d5 exd5 5.cxd5 d6 6.Nc3 g6 7.e4 Bg7 8.h3 O-O
9.Bd3 a6 10.a4 Nbd7 11.O-O Qe7 12.Re1 Ne8 13.Bf4 f6 14.Bh2 Ne5 15.Bf1 g5
16.Nd2 g4 17.hxg4 Nxg4 18.Bg3 Qf7 19.Nc4 f5 20.exf5 Bxf5 21.Ne3 Nxe3 22.Rxe3 Bd4
23.Rf3 Qg6 24.Bd3 Ng7 25.Ne2 Bxd3 26.Qxd3 Rxf3 27.Qxg6 hxg6  1/2-1/2

[Event "ch-UKR sf"]
[Site "Alushta UKR"]
[Date "2006.05.15"]
[Round "3"]
[White "Tishin,D"]
[Black "Truskavetsky,A"]
[Result "1-0"]
[WhiteElo "2316"]
[BlackElo "2412"]

1.d4 Nf6 2.c4 c5 3.d5 e6 4.Nf3 exd5 5.cxd5 d6 6.Nc3 g6 7.h3 Bg7 8.e4 O-O
9.Bd3 a6 10.a4 Nbd7 11.Bf4 Qe7 12.O-O Ne5 13.Nxe5 dxe5 14.Be3 b6 15.Be2 Qd6
16.Rc1 Nd7 17.Nb1 f5 18.f3 Nf6 19.Nd2 Nh5 20.b4 Qf6 21.bxc5 bxc5 22.Rxc5 Nf4
23.Rc6 Qg5 24.Bxf4 exf4 25.e5 Bb7 26.Rc7 Bxd5 27.Bc4 Qd8 28.Bxd5+ Qxd5 29.Nc4 Qxd1
30.Rxd1 Rac8 31.Rdd7 Rxc7 32.Rxc7 Re8 33.Rc5 Rb8 34.Kf2 h5 35.Ke2 Rb4 36.a5 g5
37.e6 Bf8 38.Rc7 g4 39.Kd3 Ra4 40.e7 Bxe7 41.Rxe7 Ra2 42.Re2 Ra1 43.hxg4 hxg4
44.Re5  1-0

[Event "ch-UKR sf"]
[Site "Alushta UKR"]
[Date "2006.05.21"]
[Round "9"]
[White "Dovzik,J"]
[Black "Boginin,O"]
[Result "1/2-1/2"]
[WhiteElo "2425"]
[BlackElo "2344"]

1.d4 Nf6 2.Nf3 e6 3.c4 c5 4.d5 exd5 5.cxd5 d6 6.Nc3 g6 7.g3 Bg7 8.Bg2 O-O
9.O-O Na6 10.h3 Nc7 11.a4 a6 12.e4 Re8 13.Re1 Rb8 14.Kh2 b5 15.e5 dxe5 16.d6 Ne6
17.axb5 axb5 18.Nxe5 Nd4 19.Bf4 Bb7 20.d7 Rf8 21.Nd3 Bxg2 22.Kxg2 Ra8 23.Re5 Nxd7
24.Rd5 Qc8 25.Rxa8 Qxa8 26.f3 Qc6 27.Rd6 Qb7 28.Ne4 Nf5 29.Ndxc5 Nxc5 30.Nxc5 Qc7
31.Rd5 Qxf4 32.gxf4 Ne3+ 33.Kg3 Nxd1 34.Rxd1 Rc8 35.Rd5 Bxb2 36.Nd3 Bc3 37.Rxb5 Rd8
38.Ne5 Be1+ 39.Kg2 Rd2+ 40.Kf1 Bg3 41.Rb8+ Kg7 42.Rb7 g5 43.Rxf7+ Kg8 44.Rd7 Rxd7
45.Nxd7 Bxf4 46.h4 gxh4 47.Kg2  1/2-1/2

[Event "3rd All-China Games"]
[Site "Suzhou CHN"]
[Date "2006.05.26"]
[Round "11"]
[White "Li Shilong"]
[Black "Yu Shaoteng"]
[Result "1-0"]
[WhiteElo "2539"]
[BlackElo "2542"]

1.d4 e6 2.c4 Nf6 3.Nf3 c5 4.d5 exd5 5.cxd5 d6 6.Nc3 g6 7.e4 a6 8.a4 Bg4 9.Be2 Bg7
10.Nd2 Bxe2 11.Qxe2 O-O 12.Nc4 Qe7 13.Bf4 Rd8 14.h3 Ne8 15.O-O Nd7 16.Rae1 Ne5
17.Nb6 Rab8 18.Bh2 Nd7 19.Nc4 Ne5 20.Na3 g5 21.Nc2 Ng6 22.Ne3 Be5 23.Nf5 Bxh2+
24.Kxh2 Qe5+ 25.g3 Ng7 26.Qg4 Qf6 27.f4 gxf4 28.Nh6+ Kf8 29.gxf4 Nh4 30.Qg5 Qxg5
31.fxg5 Rd7 32.e5 dxe5 33.Ne4 Ne8 34.Nxc5 Re7 35.Ne6+  1-0

[Event "Summer-1"]
[Site "Alushta UKR"]
[Date "2006.06.02"]
[Round "1"]
[White "Tishin,D"]
[Black "Mankeyev,Raua"]
[Result "0-1"]
[WhiteElo "2316"]
[BlackElo "2381"]

1.d4 Nf6 2.c4 e6 3.Nf3 c5 4.d5 exd5 5.cxd5 d6 6.Nc3 g6 7.e4 a6 8.a4 Bg4 9.h3 Bxf3
10.Qxf3 Bg7 11.Bf4 Qe7 12.Bc4 Nbd7 13.O-O Nh5 14.Bh2 Be5 15.g3 O-O 16.Qe2 Rfe8
17.Rae1 Nhf6 18.Bd3 Rac8 19.f4 Bd4+ 20.Kh1 c4 21.Bc2 Bxc3 22.bxc3 Nxd5 23.Qd2 N5f6
24.g4 Nc5 25.e5 dxe5 26.fxe5 Qd7 27.Qh6 Qd5+ 28.Kg1 Nfe4 29.Qe3 Nd2 30.Rf2 Ndb3
31.Rd1 Qc6 32.Qf4 Qc7 33.Qxc4 Na5 34.Qf1 Ne6 35.Be4 Nc4 36.Rb1 b6 37.Qe2 Qc5
38.Kh1 Ng5 39.Bb7 Rc7 40.Bg2 Rd7 41.Rf6 Rd2 42.Qe1 Rxg2 43.Kxg2 Qd5+ 44.Kg3 Ne4+  0-1

[Event "Summer-1"]
[Site "Alushta UKR"]
[Date "2006.06.06"]
[Round "8"]
[White "Tishin,D"]
[Black "Kononenko,Dmitry1"]
[Result "0-1"]
[WhiteElo "2316"]
[BlackElo "2472"]

1.d4 Nf6 2.c4 c5 3.d5 e6 4.Nc3 exd5 5.cxd5 d6 6.Nf3 g6 7.g3 Bg7 8.Bg2 O-O
9.O-O a6 10.a4 Re8 11.Re1 Nbd7 12.e4 Ng4 13.h3 Nge5 14.Nxe5 Nxe5 15.f4 Nc4
16.Qd3 Na5 17.Be3 Bd7 18.g4 b5 19.axb5 axb5 20.Rab1 Nc4 21.Bf2 g5 22.e5 dxe5
23.fxg5 Qxg5 24.Ne4 Qg6 25.Nxc5 Qxd3 26.Nxd3 e4 27.Rxe4 Rxe4 28.Bxe4 Nd2
29.Nc5 Nxb1 30.Nxd7 Nd2 31.Bg2 Ra1+ 32.Kh2 Nf1+ 33.Bxf1 Rxf1 34.Kg2 Rd1 35.Nb6 Bxb2
36.Bg3 b4 37.d6 b3 38.g5 Bg7 39.d7 b2  0-1

[Event "2nd Goran"]
[Site "Bibinje CRO"]
[Date "2006.06.10"]
[Round "3"]
[White "Biliskov,V"]
[Black "Sax,G"]
[Result "1/2-1/2"]
[WhiteElo "2324"]
[BlackElo "2535"]

1.d4 Nf6 2.Nf3 e6 3.c4 c5 4.d5 exd5 5.cxd5 d6 6.Nc3 a6 7.a4 g6 8.Nd2 Nbd7
9.e4 Bg7 10.Be2 O-O 11.O-O Re8 12.Qc2 Nh5 13.Bxh5 gxh5 14.Nd1 Rb8 15.Ne3 Nf6
16.a5 h4 17.Ra3 Qe7 18.Nec4 Bd7 19.Nb6 Bb5 20.Re1 Nd7 21.Nxd7 Bxd7 22.Nc4 Bb5
23.Rf3 Bxc4 24.Qxc4 b5 25.Qe2 Qe5  1/2-1/2

[Event "Open A"]
[Site "Voronezh RUS"]
[Date "2006.06.14"]
[Round "3"]
[White "Kornev,Alexei"]
[Black "Shamugia,S"]
[Result "1/2-1/2"]
[WhiteElo "2575"]
[BlackElo "2263"]

1.d4 Nf6 2.c4 e6 3.Nf3 c5 4.d5 exd5 5.cxd5 d6 6.Nc3 g6 7.e4 Bg7 8.Qa4+ Nbd7
9.Bf4 O-O 10.Be2 a6 11.Qc2 Qe7 12.a4 Re8 13.Nd2 Ne5 14.O-O Bg4 15.f3 Bd7
16.Qb3 Rab8 17.Qb6 Nh5 18.Be3 f5 19.f4 Nf7 20.Bxh5 gxh5 21.e5 dxe5 22.Bxc5 Qh4
23.Qc7 Rbd8 24.Qxb7 Bc8 25.Qb4 exf4 26.Nf3 Qg4 27.Rae1 Ne5 28.Nxe5 Rxe5 29.Rxe5 Bxe5
30.Qb6 Qh4 31.Bf2 Qg5 32.h4 Qf6 33.Qxf6 Bxf6 34.Rd1 Bb7 35.d6 Kf7 36.Bb6 Rd7
37.Bc7 Be5 38.Kf2 Ke6 39.Ne2 Rg7 40.Nd4+ Kd7 41.Nf3 Bxf3 42.gxf3 Bxb2 43.Rd5 Bf6
44.Rxf5 Bxh4+ 45.Kf1 Bg5 46.Ra5 h4 47.Rxa6 h3 48.Ba5 Be7 49.Ra7+ Kxd6 50.Bc7+ Kd5
51.Bxf4 Rf7 52.Rd7+ Kc4 53.Rc7+ Kd3 54.Rd7+ Kc4 55.Be5 Rxf3+ 56.Ke2 h2 57.Bxh2 Ra3
58.Rc7+ Kd5 59.Bg1 Bb4 60.Rd7+ Kc6  1/2-1/2

[Event "Open A"]
[Site "Balatonlelle HUN"]
[Date "2006.06.17"]
[Round "1"]
[White "Horvath,Ju"]
[Black "Porat,M"]
[Result "0-1"]
[WhiteElo "2261"]
[BlackElo "1984"]

1.d4 Nf6 2.c4 c5 3.d5 e6 4.Nc3 exd5 5.cxd5 d6 6.Nf3 g6 7.Nd2 a6 8.a4 Bg7
9.e4 O-O 10.Be2 Re8 11.O-O Nbd7 12.Re1 Rb8 13.f3 Qc7 14.a5 b5 15.axb6 Nxb6
16.Nc4 Nxc4 17.Bxc4 Nd7 18.Ra2 Qb6 19.Qa4 Kf8 20.Bd2 Ne5 21.Bf1 Ra8 22.h3 Bxh3
23.gxh3 Nxf3+ 24.Kg2 Nxd2 25.Bxa6 Qd8 26.Qd1 Qg5+ 27.Qg4 Qxg4+ 28.hxg4 Bxc3
29.bxc3 Nxe4 30.c4 Nf6 31.Rh1 Re7 32.g5 Nh5 33.Rb1 Nf4+ 34.Kf3 Nd3 35.Rb6 Nb4
36.Ra5 Rea7 37.Rxd6 Rxa6 38.Rdxa6 Nxa6 39.Kf4 Ke7 40.Ke5 Ra7 41.Ra1 Kf8 42.Kf6 Ra8
43.Ra5 Nc7 44.Rxc5 Ne8+ 45.Ke5 Ra1 46.Rc8 Ke7 47.c5 Re1+ 48.Kd4 Kd7 49.Ra8 Nc7
50.Rf8 Rf1 51.c6+ Ke7 52.Rh8 Rd1+ 53.Kc5 Nxd5 54.Rxh7 Nf4 55.Rh2 Ne6+ 56.Kb6 Rb1+
57.Ka5 Kd6 58.Rc2 Kc7  0-1